Prácticas profesionales sobre casos reales 2014 (Registro nro. 2262)

Detalles MARC
000 -LEADER
fixed length control field 02193 a2200241 4500
001 - CONTROL NUMBER
control field 32163
005 - DATE AND TIME OF LATEST TRANSACTION
control field 20260407155622.0
008 - FIXED-LENGTH DATA ELEMENTS--GENERAL INFORMATION
fixed length control field 260407a2015 arg spa d
003 - CONTROL NUMBER IDENTIFIER
control field AR-UNSa-BCEJYS
040 ## - CATALOGING SOURCE
Original cataloging agency AR-UNSa-BCEJYS
Language of cataloging spa
Transcribing agency AR-UNSa-BCEJYS
080 ## - UNIVERSAL DECIMAL CLASSIFICATION NUMBER
Universal Decimal Classification number 347.965
Common auxiliary subdivision Abogados. La abogacía (prácticas profesionales)
020 ## - INTERNATIONAL STANDARD BOOK NUMBER
International Standard Book Number 978-987-3810-20-6
041 ## - LANGUAGE CODE
Language code of text/sound track or separate title spa
100 1# - MAIN ENTRY--PERSONAL NAME
Personal name Zoppi, Oscar M.
245 10 - TITLE STATEMENT
Title Prácticas profesionales sobre casos reales 2014
Name of part/section of a work Anuario del Patrocinio Jurídico gratuito de la Facultad de Derecho UBA
264 #1 - PRODUCTION, PUBLICATION, DISTRIBUTION, MANUFACTURE, AND COPYRIGHT NOTICE
Place of production, publication, distribution, manufacture Buenos Aires :
Name of producer, publisher, distributor, manufacturer Universidad de Buenos Aires. Facultad de Derecho. Departamento de Publicaciones
Date of production, publication, distribution, manufacture, or copyright notice 2015
300 ## - PHYSICAL DESCRIPTION
Extent 331 p.
Dimensions 23 cm.
505 ## - FORMATTED CONTENTS NOTE
Formatted contents note 1. Presentación / Mónica Pinto - 2. La creación del Patrocinio Jurídico en la Facultad de Derecho / Oscar Zoppi - 3. Departamento de Práctica Profesional: su estructura y funcionamiento / Virginia Badino - 4. Cómo hacemos lo que hacemos / Andrea Mercedes Pérez - 5. Casos de Derecho administrativo / Emilio Corsiglia - 6. Casos de acciones de amparo / Christian Alberto Cao - 7. Casos de Derecho civil / Gustavo Saa - 8. Casos de cuestiones técnico-procesales / Diana Graciela Saiz - 9. Casos de defensa de los derechos del consumidor y usuario / Marta Spessot - 10. Casos sobre la exigibilidad de los derechos económicos, sociales, culturales y ambientales / Alejandro Rondanini - 11. Casos de Derecho laboral / Ricardo Sánchez Peña - 12. Casos de Derecho penal / Javier Azzali - 13. Casos de Derechos de niños, niñas y adolescentes en el ámbito civil y penal / Martiniano Terragni - 14. Casos de violencia familiar y de género / Elsa Zothner - 15. Casos de Derecho de familia /Gustavo Calvinho - 16. Mediación / María Cristina Klein - 17. El servicio social y de psicología del Departamento de Práctica Profesional de la Facultad de Derecho UBA / Mariana Riudavets.
590 ## - LOCAL NOTE (RLIN)
Local note niveau_biblio:m niveau_hierar:0
700 1# - ADDED ENTRY--PERSONAL NAME
Personal name Universidad de Buenos Aires. Facultad de Derecho. Secretaría de Extensión Universitaria y Bienestar Estudiantil
856 41 - ELECTRONIC LOCATION AND ACCESS
Uniform Resource Identifier <a href="https://biblioeco.unsa.edu.ar/pmb/images/libros/practicas_uba.jpg">https://biblioeco.unsa.edu.ar/pmb/images/libros/practicas_uba.jpg</a>
Link text Imagen de portada
Electronic format type image/jpeg
942 ## - ADDED ENTRY ELEMENTS (KOHA)
Koha item type
Existencias
Withdrawn status Lost status Damaged status Not for loan Home library Current library Shelving location Date acquired Total checkouts Full call number Barcode Date last seen Price effective from Koha item type
        Biblioteca Prof. Eusebio Cleto del Rey Biblioteca Prof. Eusebio Cleto del Rey   07/04/2026   347.965 U58 2014 L125147 07/04/2026 07/04/2026 Libro